000 00585nam a2200181Ia 4500
008 151202s9999||||xx |||||||||||||| ||und||
082 _bPNVM-33298
100 _aसामंत माया.
245 _aबैराग्याचा खून.
260 _b"सागर प्रकाशन,सातारा."
260 _c1979
300 _a76
600 _aसामंत माया.
630 _aबैराग्याचा खून.
700 _aसामंत माया.
730 _aबैराग्याचा खून.
942 _cBOOK
999 _c1299259
_d1299256